| 000 | 00901nam0a2200313 4500 | ||
|---|---|---|---|
| 001 | RU\NLR\bibl\1770395 | ||
| 005 | 20250616131427.0 | ||
| 010 |
_a978-5-9973-1250-3 _960 |
||
| 021 |
_aRU _b2011-31080 _92209 |
||
| 035 | _a(NLR Aleph) 001761178 | ||
| 090 |
_a1579296 _c1579296 |
||
| 100 | _a20110518d2011 |||y0rusy50 ca | ||
| 101 | 0 | _arus | |
| 102 | _aRU | ||
| 105 | _ay ||||||||| | ||
| 200 | 1 |
_aАэлита, или Слезы сердца _eстихи _fРим Юсупов |
|
| 210 |
_aМосква _cСпутник+ _d2011 |
||
| 215 |
_a161 с. _d21 |
||
| 517 | 0 | _aСлезы сердца | |
| 686 | _aШ6(2=Баш)7-5 | ||
| 700 | 1 |
_aЮсупов _bР. С. _gРим Субханкулович _4070 |
|
| 801 | 0 |
_aRU _bNLR _c20110518 _gRCR |
|
| 801 | 1 |
_aRU _bNLR _c20110518 |
|
| 942 | _cBOOK | ||
| 980 | _aNB | ||
| 980 | _aNBR | ||